Prueba de La Pampa - Estadísticas

Estadísticas generales
  • Esta prueba ha sido intentada 25 veces
  • La puntuación promedio es 6 de 14
Estadísticas de respuestas
Pregunta Respuesta % Correcto
Gentilicio Pampeano
100%
Capital Santa Rosa
86%
Tipo de región fértil y plana que extiende por gran parte de la provincia Ll{anura}
62%
Única provincia menos poblada (aparte de la Tierra del Fuego, Antártida e Islas del Atlántico Sur) Santa Cruz
62%
La trayectoria de este futbolista incluye Boca y Liverpool Alexis Mac Allister
52%
Participante y luego jurado de Bailando Carolina "Pampita" Ardohain
43%
Aunque la provincia actual no lo tiene, según el poema de Luis Domínquez, ¿qué árbol tiene la pampa? Ombú
43%
Gobernador entre 1891 y 1899; dio nombre a una ciudad importante General Eduardo Gustavo Pico
38%
Antiguo nombre de la provincia entre 1952 y 1956 Provincia Eva Perón
38%
Este flor {Margarita} pampeana
29%
Parque nacional de esa flor Lihué Calel
10%
Eduardo Castex alberga esto, uno de los más grandes de Latinoamérica Reloj cucú
5%
Este río, que desemboca en el río Colorado, atraviesa la provincia Río Desaguadero
5%
Cacique principal de los tehuelches en el medio del siglo XIX Casimiro Biguá
0%
No se encontraron pruebas coincidentes
Distribución de puntuación
Porcentaje de gente con cada puntuación
Porcentaje por número respondido
Historial de tus puntuaciones
No has intentado esta prueba.